Censos nacionales de 1973. Vivienda: Area Metropolitana

Sábháilte in:
Sonraí bibleagrafaíochta
Údar corparáideach: Costa Rica. Ministerio de Economía, Industria y Comercio. Dirección General de Estadística y Censos
Formáid: Téacs
Foilsithe / Cruthaithe: San José: MEIC. DGEC. Sección de Publicaciones
Clibeanna: Cuir clib leis
Níl clibeanna ann, Bí ar an gcéad duine le clib a chur leis an taifead seo!

MARC

LEADER 00000 a a2200000 04500
001 17526
003
040
090 |a 1001 CR8375c 1973 T.8  
110 |a Costa Rica. Ministerio de Economía, Industria y Comercio. Dirección General de Estadística y Censos  
245 |a Censos nacionales de 1973. Vivienda: Area Metropolitana  
260 |a San José:   |b MEIC. DGEC. Sección de Publicaciones  
300 |a 65 p  
999 |c 12710  |d 12710